Hazbin Hotel - Finale - Statistics

General Stats
  • This quiz has been taken 27 times
  • The average score is 357 of 437
Answer Stats
Answer % Correct
for
100%
For
100%
Charlie He
100%
the
100%
The
100%
a
94%
Lucifer A
94%
and
94%
And
94%
be
94%
by
94%
did
94%
his
94%
I
94%
it
94%
Lucifer & Vaggie It
94%
me
94%
sacrifice
94%
us
94%
we
94%
Charlie, Lucifer, Vaggie, Angel Dust, Husk, Niffty & Cherri Bomb | Lucifer, Vaggie, Angel Dust, Husk, Niffty & Cherri Bomb We
94%
you
94%
You
94%
Alastor
89%
battle
89%
frown
89%
have
89%
hell
89%
Hell
89%
Hell's
89%
how
89%
may
89%
of
89%
This
89%
this
89%
to
89%
Niffty To
89%
Charlie, Vaggie & Husk | Lucifer With
89%
with
89%
Vox After
83%
all
83%
avoided
83%
been
83%
before
83%
better
83%
Better
83%
build
83%
can
83%
change
83%
could
83%
day
83%
do
83%
easy
83%
first
83%
gave
83%
go
83%
gonna
83%
Guess
83%
happy
83%
hotel
83%
In
83%
in
83%
is
83%
it's
83%
Lucifer, Angel Dust & Niffty It's
83%
know
83%
maybe
83%
missing
83%
my
83%
Charlie No
83%
now
83%
on
83%
Vox & Valentino Overlords
83%
pissing
83%
rest
83%
see
83%
smile
83%
Charlie So
83%
Sorry
83%
strings
83%
tail
83%
that
83%
then
83%
There's
83%
there's
83%
time
83%
tomorrow
83%
town
83%
trust
83%
ultimate
83%
We'll
83%
we're
83%
Charlie & Vaggie We're
83%
where
83%
Valentino While
83%
while
83%
who
83%
why
83%
years
83%
your
83%
air
78%
Vox Alastor's
78%
as
78%
atop
78%
belongs
78%
Best
78%
best
78%
between
78%
brick
78%
can't
78%
chill
78%
death
78%
died
78%
disappoint
78%
doing
78%
done
78%
ends
78%
Vox & Valentino Fled
78%
Found
78%
friends
78%
fuckin'
78%
future
78%
God
78%
good
78%
Lucifer Good
78%
Great
78%
hair
78%
hanging
78%
hungry
78%
I'm
78%
just
78%
lady
78%
last
78%
legs
78%
like
78%
little
78%
long
78%
look
78%
magic
78%
must
78%
need
78%
never
78%
number
78%
one
78%
out
78%
pulling
78%
reeks
78%
show
78%
some
78%
story
78%
thing
78%
think
78%
thousand
78%
thread
78%
true
78%
Vees
78%
will
78%
You're
78%
altruist
72%
bedrooms
72%
begun
72%
But
72%
Charlie
72%
cryin'
72%
damage
72%
deal
72%
destiny
72%
destroyed
72%
down
72%
dream
72%
ever
72%
figure
72%
foundation
72%
freedom
72%
gone
72%
got
72%
has
72%
hearts
72%
Heaven
72%
killed
72%
lights
72%
make
72%
mind
72%
Nature
72%
Husk | Vaggie New
72%
not
72%
owe
72%
place
72%
power
72%
price
72%
quit
72%
room
72%
souls
72%
Angel Dust Start
72%
take
72%
ten
72%
than
72%
their
72%
took
72%
touched
72%
unclip
72%
wings
72%
work
72%
You've
72%
you've
72%
across
67%
backdoor
67%
bad
67%
cattle
67%
changed
67%
Check
67%
Lucifer Come
67%
Lucifer, Vaggie, Angel Dust, Husk, Niffty & Cherri Bomb Fulfill
67%
heap
67%
If
67%
instead
67%
I've
67%
letting
67%
lot
67%
masterless
67%
Once
67%
paint
67%
seen
67%
sinners
67%
starts
67%
still
67%
surely
67%
together
67%
try
67%
we've
67%
what's
67%
bit
61%
bloodshed
61%
bravado
61%
escaped
61%
gotta
61%
leaves
61%
lumber
61%
more
61%
paid
61%
sorcery
61%
stage
61%
undone
61%
barely
56%
being
56%
coat
56%
convinced
56%
crowd
56%
fill
56%
redemption
56%
vacuum
56%
wait
56%
wrecked
56%
abhors
50%
constraints
50%
creation
50%
ruins
50%
Though
50%
Twice
50%
clear
44%
difference
44%
ledger
44%
Wayward
44%
Charlie, Vaggie, Angel Dust, Niffty & Cherri Bomb Yeah
44%
marquee
39%
remedial
39%
No matching quizzes found
Score Distribution
Percent of People with Each Score
Percentile by Number Answered
Your Score History
You have not taken this quiz